Представление документа в формате RUSMARC

ПолеНазваниеЗначение
  Тип записи a
  Библиографический уровень m
001 Контрольный номер RU/IS/BASE/417701642
005 Дата корректировки 20201206204727.8
010 Индекс ISBN __
a ISBN 978-5-9718-0294-5
d Цена 316-80
100 Данные общей обработки __
a Данные общей обработки 19080603d2008 |||y0rusy0189 ca
101 Язык документа 0_
a Язык текста rus
102 Страна публикации __
a Страна публикации RU
105 Кодированные данные (монография) __
a Кодированные данные (монография) y zzzz000zy
200 Заглавие и сведения об ответственности 1_
a Заглавие Спортивный резерв: состояние, проблемы, пути решения
e Сведения, относящиеся к заглавию (организационный компонент)
f Первые сведения об ответственности И. И. Столов
b Общее обозначение материала Текст
210 Выходные данные __
a Место издания М.
c Издательство Совет. спорт
d Дата издания 2008
215 Физическое описание __
a Объем 130, [1] с.
c Иллюстрации/тип воспроизводства табл.
300 Общие примечания __
a Общие примечания На 4-й с. обл. авт.: Столов И.И. - к.п.н., доц., засл. тренер РСФСР
320 Библиография __
a Библиография Библиогр.: с. 120-129 (119 назв.)
330 Аннотация __
a Аннотация В монографии на основе многолетних исследований и опыта работы в органах управления физической культурой и спортом автор обобщает состояние системы подготовки спортивного резерва в нашей стране. Изложены подходы к рассмотрению системы учреждений дополнительного образования спортивной направленности, очерчен круг проблем, сдерживающих их эффективное функционирование, представлены рекомендации для определения вектора их дальнейшего развития и функционирования.
606 Тематические рубрики __
a Основная рубрика Физическая культура и спорт
606 Тематические рубрики __
a Основная рубрика Теория и методика физического воспитания
610 Ключевые слова __
a Ключевые слова спортивный резерв; физическая культура; спортивные школы; подготовка спортсменов; спортивное мастерство; дополнительное спортивное образование; спортивные нагрузки
686 Индексы других классификаций __
a Классификационный индекс 75.15
700 Автор _1
a Фамилия Столов
b Имя И. И.
g Полное личное имя Игорь Иванович
4 Код отношения 070
801 Источник записи _0
a Страна RU
b Организация Муниципальное бюджетное учреждение культуры "Централизованная библиотечная система" г. Сургут (Центральная городская библиотека им. А. С. Пушкина)
c Дата составления 20080603
g Правила каталогизации КиК/Елгина
801 Источник записи _1
a Страна RU
b Организация Муниципальное бюджетное учреждение культуры "Централизованная библиотечная система" г. Сургут (Центральная городская библиотека им. А. С. Пушкина)
c Дата составления 20080603
g Правила каталогизации КиК/Елгина
852 Данные о местонахождении __
j Шифр хранения 75.15
c Каталожный индекс 75.1
i Авторский знак С 81
901 Тип документа __
t Тип документа m
903 Характеристики (МАРС) __
a Дата передачи 20100607
990 Данные о заказе (DOS) __
j Количество экземпляров (DOS) 1
h N записи в КСУ для Б/У (DOS) 201007